MARC details
| 000 -CABECERA |
| campo de control de longitud fija |
02255nam a22002777a 4500 |
| 003 - IDENTIFICADOR DEL NÚMERO DE CONTROL |
| campo de control |
OSt |
| 005 - FECHA Y HORA DE LA ÚLTIMA TRANSACCIÓN |
| campo de control |
20260512153950.0 |
| 008 - DATOS DE LONGITUD FIJA--INFORMACIÓN GENERAL |
| campo de control de longitud fija |
251023b |||||||| |||| 00| 0 eng d |
| 022 ## - NÚMERO INTERNACIONAL NORMALIZADO PARA PUBLICACIONES SERIADAS |
| Número Internacional Normalizado para Publicaciones Seriadas |
1472-3425 |
| 040 ## - FUENTE DE LA CATALOGACIÓN |
| Centro catalogador/agencia de origen |
English |
| Centro/agencia transcriptor |
tbs |
| 041 ## - CÓDIGO DE LENGUA |
| Código de lengua del texto/banda sonora o título independiente |
English |
| 100 ## - ENTRADA PRINCIPAL--NOMBRE DE PERSONA |
| Nombre de persona |
Barron, Andrew |
| 9 (RLIN) |
26279 |
| 245 ## - MENCIÓN DE TÍTULO |
| Título |
Country-of-origin effects on managers’ environmental scanning behaviours |
| Resto del título |
: evidence from the political crisis in the Eurozone |
| Mención de responsabilidad, etc. |
/ Andrew Barron, Peter Hultén, Vladimir Vanyushyn |
| 260 ## - PUBLICACIÓN, DISTRIBUCIÓN, ETC. |
| Nombre del editor, distribuidor, etc. |
Environment and Planning C: Government and Policy |
| Fecha de publicación, distribución, etc. |
2015 |
| 362 ## - FECHAS DE PUBLICACIÓN Y/O DESIGNACIÓN SECUENCIAL |
| Fecha de publicación y/o designación secuencial |
Journal of Management Vol. XX No. X, Month XXXX 1 –32 DOI: 10.1177/0149206316680030 |
| 520 ## - SUMARIO, ETC. |
| Sumario, etc. |
Using original survey data, we investigate how British, French, and Swedish managers scanned their political environments during the crisis in the Eurozone. We expose instances when country of origin has a significant effect on scanning practices: British managers claimed to possess the most developed political scanning capabilities, making the most frequent use of government information sources. British and Swedish managers used business associations as intelligence sources more frequently than their French counterparts. We also found that exposure to the Euro crisis significantly affected scanning behaviours: irrespective of country of origin, managers strongly exposed to the crisis considered it strategically important to scan political events during the crisis, developed formal scanning routines, and reported frequent use of both governments and business associations as sources of political information. Combined, our findings contribute to county-specific research into executives’ environmental scanning practices by suggesting a universal mindset of environmental scanning during times of crisis. |
| 653 ## - TÉRMINO DE INDIZACIÓN--NO CONTROLADO |
| Término no controlado |
Convergence |
| 653 ## - TÉRMINO DE INDIZACIÓN--NO CONTROLADO |
| Término no controlado |
Divergence |
| 653 ## - TÉRMINO DE INDIZACIÓN--NO CONTROLADO |
| Término no controlado |
Environmental scanning |
| 653 ## - TÉRMINO DE INDIZACIÓN--NO CONTROLADO |
| Término no controlado |
Eurozone crisis |
| 653 ## - TÉRMINO DE INDIZACIÓN--NO CONTROLADO |
| Término no controlado |
Political environments |
| 700 ## - ENTRADA AGREGADA--NOMBRE PERSONAL |
| Nombre de persona |
Hultén, P. |
| 9 (RLIN) |
26449 |
| 700 ## - ENTRADA AGREGADA--NOMBRE PERSONAL |
| Nombre de persona |
Vanyushyn, V. |
| 9 (RLIN) |
26450 |
| 856 ## - LOCALIZACIÓN Y ACCESO ELECTRÓNICOS |
| Identificador Uniforme del Recurso |
<a href="https://bibliotheque.tbs-education.fr/Default/doc/edselc/_b64_ZWRzZWxjLjItNTIuMC04NDk0MDA0ODU4Ng%3d%3d/country-of-origin-effects-on-managers-environmental-scanning-behaviours-evidence-from-the-political-">https://bibliotheque.tbs-education.fr/Default/doc/edselc/_b64_ZWRzZWxjLjItNTIuMC04NDk0MDA0ODU4Ng%3d%3d/country-of-origin-effects-on-managers-environmental-scanning-behaviours-evidence-from-the-political-</a> |
| 942 ## - ELEMENTOS DE ENTRADA AGREGADA (KOHA) |
| Fuente del sistema de clasificación o colocación |
Clasificación de Library of Congress |